| 000 | 00000nam##2200000za#4500 |
| 001 | 9.590858 |
| 003 | CaOODSP |
| 005 | 20210624200322 |
| 007 | cr ||||||||||| |
| 008 | 150406|2001||||xxc|||||o f|0| 0 fre|d |
| 040 | |aCaOODSP|bfre |
| 043 | |an-cn--- |
| 086 | 1 |aH113-2/8-2001F-PDF |
| 110 | 1 |aCanada.|bSanté Canada. |bAgence de réglementation de la lutte antiparasitaire. |
| 245 | 10|aFiche technique sur le Bacillus thuringiensis variété israelensis |h[ressource électronique] |
| 260 | |aOttawa - Ontario : |bSanté Canada. |
| 300 | |a2p. |
| 490 | 1 |aFiche technique |vMars 2001 |
| 590 | |a12-30-Supp|b2012-06-28 |
| 775 | 08|tFact sheet on the Bacillus thuringiensis subspecies israelensis - Bti |w(CaOODSP)9.572776 |
| 830 | #0|aFiche technique ;|vMars 2001|w(CaOODSP)9.500874 |
| 856 | 40|ahttp://publications.gc.ca|qPDF|s103 Ko|uhttps://publications.gc.ca/collections/Collection/H113-2-8-2001F.pdf|yMars 2001 |